000 00745cam a22002414i 4500
001 18166128
005 20180226040619.0
008 140527s2014 nyua b 001 0 eng
010 _a 2014379401
020 _a9780077826840 (cover page 4)
020 _a9780078025693 (verso of title page and cover page 4)
040 _aDLC
_beng
_cDLC
_erda
041 _aeng
042 _apcc
080 _a330.722.6 KAY
082 _a330.722.6 KAY
100 1 _a61
101 _aKF
245 1 0 _aComputer accounting with QuickBooks 2013 /
_cDonna Kay, MBA, PhD, CPA, CITP, Maryville University of Saint Louis.
906 _a7
_bcbc
_corigcop
_d2
_encip
_f20
_gy-gencatlg
942 _2ddc
_cBK
999 _c43408
_d43408